000 00315 a2200157 4500
001 179754
020 _a
040 _cMagnum
100 _aLeal, Antonio
240 1 0 _aFala maria favela
_lpor
245 1 0 _aFala maria favela
362 0 _a1899
440 1 _aÁtica
697 _aMAGNITO: ENSINO
942 _cBK
999 _c179754
_d179754